000 00900cam a2200253 a 4500
999 _c7871
_d7871
001 1619869
003 GBCCL
005 20241126110638.0
008 950118s1994 tnu 000 0 eng
010 _a 95105564
020 _a089957663X
040 _aDLC
_cDLC
050 0 0 _aPA881
_b.Z63 1994
082 0 0 _a220.52034
_a487.4321
_220
_bCOM
100 1 _aZodhiates, Spiros.
_910225
245 1 4 _aThe complete word study dictionary :
_bNew Testament /
_ccompiled and edited by Spiros Zodhiates.
260 _aChattanooga, TN :
_bAMG Publishers,
_c[1994?]
300 _axvii, 1505 p. ;
_c24 cm.
630 0 0 _aBible.
_pNew Testament
_vDictionaries
_xEnglish.
_92952
650 0 _aGreek language, Biblical
_xDictionaries
_xEnglish.
_91761
906 _a7
_bcbc
_corignew
_d2
_encip
_f19
_gy-gencatlg
942 _2ddc
_cREF